Bibliografia sobre l'Hospitalet : actualització 1985-1991 i índexs acumulatius / Cristóbal Urbano Salido, Agustín Castellano Bueno, Joan Camós i Cabeceran actualització 1985-1991 i índexs acumulatius / Cristóbal Urbano Salido, Agustín Castellano Bueno, Joan Camós i Cabeceran
Descripción Física:
439 p. ; 21 cm
MARC
| LEADER | 00000nam a2200000Ia 4500 | ||
|---|---|---|---|
| 001 | 9802 | ||
| 008 | 160829s1992 xx 000 0 cat d | ||
| 080 | |a A-1-337 | ||
| 100 | |a Urbano Salido, Cristóbal |9 35361 | ||
| 245 | |a Bibliografia sobre l'Hospitalet : |b actualització 1985-1991 i índexs acumulatius / Cristóbal Urbano Salido, Agustín Castellano Bueno, Joan Camós i Cabeceran | ||
| 260 | |a Hospitalet : |b Centre d'Estudis de l'Hospitalet, |c 1992 | ||
| 300 | |a 439 p. ; |c 21 cm | ||
| 650 | |a Hospitalet de Llobregat |x Bibliografies |x 1985/1991 |9 35362 | ||
| 700 | |a Castellano Bueno, Agustín |9 35363 | ||
| 700 | |a Camós i Cabecerán, Joan |9 39252 | ||
| 710 | 2 | |a Centre d'Estudis de l'Hospitalet |9 52935 | |
| 901 | |a Arxiu | ||
| 942 | |n 1 | ||
| 952 | |0 0 |1 0 |4 0 |6 A1337 |7 1 |9 46865 |a Arxiu |b Arxiu |d 2016-12-01 |l 0 |o A-1-337 |p 9802 |r 2016-12-01 00:00:00 |w 2016-12-01 |y ARXIU | ||
| 999 | |c 50658 |d 50658 | ||